Bài giảng thi công cầu
Bài giảng đề cập đến các vấn đề về thi công một công trình cầu hoàn chỉnh từ kết cấu hạ tầng như nền móng, mố trụ,...đến kết cấu thượng tần.
Tallennettuna:
| Päätekijä: | |
|---|---|
| Aineistotyyppi: | Kirja |
| Kieli: | Undetermined |
| Julkaistu: |
Thành phố Hồ Chí Minh
Nxb. Thành phố Hồ Chí Minh
2017
|
| Aiheet: | |
| Tagit: |
Lisää tagi
Ei tageja, Lisää ensimmäinen tagi!
|
| Thư viện lưu trữ: | Trung tâm Học liệu Trường Đại học Cần Thơ |
|---|
| LEADER | 00884nam a2200205Ia 4500 | ||
|---|---|---|---|
| 001 | CTU_239799 | ||
| 008 | 210402s9999 xx 000 0 und d | ||
| 082 | |a 624.2 | ||
| 082 | |b M125 | ||
| 100 | |a Nguyễn, Đình Mậu | ||
| 245 | 0 | |a Bài giảng thi công cầu | |
| 245 | 0 | |c Nguyễn Đình Mậu | |
| 260 | |a Thành phố Hồ Chí Minh | ||
| 260 | |b Nxb. Thành phố Hồ Chí Minh | ||
| 260 | |c 2017 | ||
| 520 | |a Bài giảng đề cập đến các vấn đề về thi công một công trình cầu hoàn chỉnh từ kết cấu hạ tầng như nền móng, mố trụ,...đến kết cấu thượng tần. | ||
| 650 | |a Cầu,Design and construction | ||
| 650 | |x Thiết kế và xây dựng,Bridges | ||
| 904 | |i Hải | ||
| 980 | |a Trung tâm Học liệu Trường Đại học Cần Thơ | ||